000 00717nam a2200253Ia 4500
003 OSt
005 20221005044741.0
006 a|||||r|||| 00| 0
007 ta
008 221004b |||||||| |||| 00| 0 eng d
020 _a818678232X
024 _a18116
037 _cTextual
040 _aCRL
_cCRL
_beng
041 _2eng
_aeng
082 _aNQ4437(Q223),N, N8
100 _aKhanna Vandana
_9405228
245 0 _aStudy of the representation of Krisna theme in the visual arts of Rajasthan
260 _aJaipur
_bPublication Scheme India
_c1998
300 _a224 p.
_ccm.
650 _aARTS
942 _hNQ4437(Q223),N, N8
_cTEXL
_2cc
999 _c953850
_d953850